000 01640nam a22004217a 4500
003 CHAP
005 20220329143257.0
008 071207s2007 mx r 00010 spa d
010 _a94320
011 _a95292
035 _a105911
040 _cCHAP
090 _aTesis
100 1 _aMuñiz Chavelas, Felipe de Jesús.
_979531
245 1 0 _aAnálisis dialelico de nueve híbridos de jitomate (Lycopersicon esculentum Mill.) saladet determinado en condiciones de invernadero
_c/por Felipe de Jesús Muñiz Chavelas
260 _aChapingo, Méx. :
_bEl autor,
_c2007
300 _a29 h. :
_bcuadros
502 _aTesis (Ing. Agr. Esp. en Fitotecnia) -- UACH. Departamento de Fitotecnia
530 _aTambién disponible en línea
590 _aALEPH
_b10
_c20130110
_lUCH01
_h1521
590 _aBATCH-UPD
_b10
_c20130110
_lUCH01
_h1119
590 _aBATCH-UPD
_b10
_c20130410
_lUCH01
_h0709
590 _aBATCH-UPD
_b10
_c20130914
_lUCH01
_h1131
590 _aBATCH-UPD
_b10
_c20140324
_lUCH01
_h1505
590 _aBATCH-UPD
_b10
_c20141002
_lUCH01
_h0835
590 _aCONVERSION
_b10
_c20130109
_lUCH01
_h1352
650 1 4 _aCultivos en invernadero.
_930376
650 1 4 _aDiseños experimentales.
_932735
650 1 4 _aTomate
_xHíbridos.
_9113732
650 1 4 _aTomate
_xMejoramiento.
_9113737
650 1 4 _aTomate
_xRendimiento.
_9113761
856 _3Finding aid
_uhttp://10.13.5.2/tesis/105911.pdf
_zTeclea aqui
901 _aBK
905 _aElisama A. H.
942 _cFOLL
949 _aTesis
_bBC
_cTES
_d33724002045223
_eTS2
_fc.2
_gDonaciØn
_h47445
_i105911
_si
949 _aTesis
_bBC
_cTES
_d33724002045264
_eTS1
_gDonaciØn
_h47444
_i105911
_sb
999 _c94320
_d94320